| 000 | 00443nam a2200181Ia 4500 | ||
|---|---|---|---|
| 001 | 7742 | ||
| 005 | 20260306160517.0 | ||
| 008 | 260306t1983||||xx |||||||||||||| ||spa|| | ||
| 041 | _aESP | ||
| 082 |
_a359.9 _bR81 |
||
| 100 |
_aRomero, Fernando _eAUT |
||
| 245 | 0 | _aIquitos y la fuerza naval de la Amazonia (1830-1933) | |
| 260 | _c1983 | ||
| 300 |
_a158 páginas : _c22 cm. |
||
| 650 | _aGEN | ||
| 654 | _aCHU | ||
| 942 |
_cLIB _dJUS _fJUS _2ddc _n |
||
| 999 |
_c7742 _d7742 |
||